[Event "Schwaben-ch"]
[Site "Sonthofen"]
[Date "2013.11.03"]
[Round "5.2"]
[White "Maugg, Ludwig"]
[Black "Lagasse, Nicolas"]
[Result "1-0"]
[WhiteElo "1836"]
[BlackElo "1684"]
[PlyCount "39"]
[EventDate "2013.11.01"]
[EventType "swiss"]
[EventRounds "6"]
[EventCountry "GER"]
[SourceTitle "EXT 2022"]
[Source "ChessBase"]
[SourceDate "2021.10.06"]
[SourceVersion "1"]
[SourceVersionDate "2021.10.06"]
[SourceQuality "1"]

1. d4 Nf6 2. c4 g6 3. Nc3 Bg7 4. e4 d6 5. f4 0-0 6. Nf3 c5 7. d5 e6 8. dxe6 Bxe6 9. Bd3 Nc6 10. f5 Bd7 11. 0-0 Ne5 12. Nxe5 dxe5 13. Bg5 h6 14. Bxf6 Bxf6 15. Nd5 gxf5 16. exf5 Bc6 17. Be4 Kh7 18. Qh5 Bg5 19. f6+ Kh8 20. h4 1-0

[Event "Bayern-ch Seniors 25th"]
[Site "Bergen"]
[Date "2013.06.20"]
[Round "7.6"]
[White "Achenbach, Manfred"]
[Black "Maugg, Ludwig"]
[Result "1/2-1/2"]
[WhiteElo "2011"]
[BlackElo "1811"]
[PlyCount "98"]
[EventDate "2013.06.15"]
[EventType "swiss"]
[EventRounds "9"]
[EventCountry "GER"]
[SourceTitle "EXT 2022"]
[Source "ChessBase"]
[SourceDate "2021.10.06"]
[SourceVersion "1"]
[SourceVersionDate "2021.10.06"]
[SourceQuality "1"]

1. Nf3 c5 2. c4 Nc6 3. g3 e5 4. Nc3 g6 5. Bg2 Bg7 6. d3 Nge7 7. a3 a5 8. 0-0 d6 9. h3 0-0 10. Kh2 h6 11. Bd2 Be6 12. e4 Rb8 13. Nd5 b5 14. b3 f5 15. Rb1 fxe4 16. dxe4 Kh7 17. Qe2 b4 18. axb4 axb4 19. Ra1 Nd4 20. Nxd4 exd4 21. Qd3 Nxd5 22. exd5 Bf5 23. Be4 Bxe4 24. Qxe4 Re8 25. Qf4 Rf8 26. Qg4 Ra8 27. Kg2 Qf6 28. Rae1 Ra2 29. Re6 Qf5 30. Bf4 d3 31. Qxf5 Rxf5 32. Re3 g5 33. Bxd6 Bd4 34. Rf3 Rxf3 35. Kxf3 Rb2 36. Rd1 Rxf2+ 37. Ke4 d2 38. Kd3 Rf3+ 39. Kxd2 Rxb3 40. Bc7 Rf3 41. d6 Rf7 42. Kc2 Kg7 43. Re1 Kf8 44. Re6 h5 45. Rh6 h4 46. gxh4 gxh4 47. Rxh4 Ke8 48. Rh5 Rf2+ 49. Kb3 Rf3+ 1/2-1/2

[Event "Bayern-ch Seniors 25th"]
[Site "Bergen"]
[Date "2013.06.19"]
[Round "6.7"]
[White "Maugg, Ludwig"]
[Black "Ditmas, Hugh"]
[Result "1/2-1/2"]
[WhiteElo "1811"]
[BlackElo "1922"]
[PlyCount "73"]
[EventDate "2013.06.15"]
[EventType "swiss"]
[EventRounds "9"]
[EventCountry "GER"]
[SourceTitle "EXT 2022"]
[Source "ChessBase"]
[SourceDate "2021.10.06"]
[SourceVersion "1"]
[SourceVersionDate "2021.10.06"]
[SourceQuality "1"]

1. d4 Nf6 2. c4 e6 3. Nf3 b6 4. a3 Bb7 5. Nc3 d5 6. cxd5 Nxd5 7. Qc2 Be7 8. e4 Nxc3 9. bxc3 0-0 10. Bd3 c5 11. 0-0 Nc6 12. Bb2 cxd4 13. cxd4 Rc8 14. Qe2 Na5 15. Rad1 Bf6 16. Rfe1 Rc7 17. e5 Be7 18. Nd2 Bd5 19. Rc1 Rxc1 20. Rxc1 Bg5 21. Rc2 Bxd2 22. Qxd2 Qa8 23. f3 Rc8 24. Rxc8+ Qxc8 25. Qc2 Qxc2 26. Bxc2 Nc4 27. Bc1 b5 28. Bd3 a6 29. Bxc4 Bxc4 30. Bd2 Kf8 31. Kf2 Ke7 32. Ke3 Kd7 33. h4 Kc6 34. g4 Kd5 35. Bb4 f5 36. Bf8 g6 37. Bb4 1/2-1/2

[Event "Suedschwaben-ch"]
[Site "Sonthofen"]
[Date "2012.11.01"]
[Round "1.2"]
[White "Steinmueller, Harald"]
[Black "Maugg, Ludwig"]
[Result "0-1"]
[WhiteElo "1381"]
[BlackElo "1863"]
[PlyCount "68"]
[EventDate "2012.11.01"]
[EventType "swiss"]
[EventRounds "7"]
[EventCountry "GER"]
[SourceTitle "EXT 2022"]
[Source "ChessBase"]
[SourceDate "2021.10.06"]
[SourceVersion "1"]
[SourceVersionDate "2021.10.06"]
[SourceQuality "1"]

1. e4 c5 2. Nf3 Nc6 3. d4 cxd4 4. Nxd4 Nf6 5. Nc3 e5 6. Nf3 Bb4 7. Bg5 h6 8. Bxf6 Bxc3+ 9. bxc3 Qxf6 10. Be2 0-0 11. 0-0 Rd8 12. Rb1 b6 13. Bc4 Bb7 14. Bd5 Rac8 15. Qd2 d6 16. Rfd1 Na5 17. Bxb7 Nxb7 18. Qe3 Rc6 19. Rd5 Rdc8 20. Rb3 Na5 21. Rxa5 bxa5 22. Qxa7 Rxc3 23. Rxc3 Rxc3 24. Qb8+ Kh7 25. Qb2 Rc5 26. Nd2 Qd8 27. Qb3 Qc7 28. c4 Rc6 29. Qf3 Rb6 30. Qc3 Qc5 31. a3 Qd4 32. Qxd4 exd4 33. g3 Rb2 34. Nf3 d3 0-1

[Event "Regionalliga SW 1011"]
[Site "Bayern"]
[Date "2011.02.27"]
[Round "7.2"]
[White "Schreiner, Richard"]
[Black "Maugg, Ludwig"]
[Result "1/2-1/2"]
[WhiteElo "2112"]
[BlackElo "1990"]
[PlyCount "38"]
[EventDate "2010.10.10"]
[EventType "team-tourn"]
[EventRounds "9"]
[EventCountry "GER"]
[SourceTitle "EXT 2012"]
[Source "ChessBase"]
[SourceDate "2011.11.24"]
[SourceVersion "1"]
[SourceVersionDate "2011.11.24"]
[SourceQuality "1"]
[WhiteTeam "Garching II"]
[BlackTeam "Sonthofen"]
[WhiteTeamCountry "GER"]
[BlackTeamCountry "GER"]

1. d4 Nf6 2. c4 c5 3. Nf3 cxd4 4. Nxd4 e5 5. Nf3 Nc6 6. Nc3 Bb4 7. Bd2 0-0 8. g3 Re8 9. Bg2 d6 10. 0-0 Be6 11. b3 Bxc3 12. Bxc3 d5 13. cxd5 Bxd5 14. Rc1 Qe7 15. Qc2 Rad8 16. Rfd1 h6 17. Qb1 Qe6 18. Qb2 Ne4 19. Be1 Nf6 1/2-1/2

[Event "Bayern-ch 81st"]
[Site "Bad Koenigshofen"]
[Date "2010.08.28"]
[Round "8"]
[White "Maugg, Ludwig"]
[Black "Jussupow, Nadejda"]
[Result "1/2-1/2"]
[WhiteElo "2002"]
[BlackElo "2055"]
[PlyCount "63"]
[EventDate "2010.08.22"]
[EventType "swiss"]
[EventRounds "9"]
[EventCountry "GER"]
[SourceTitle "EXT 2015"]
[Source "ChessBase"]
[SourceDate "2014.11.20"]
[SourceVersion "1"]
[SourceVersionDate "2014.11.20"]
[SourceQuality "1"]

1. d4 Nf6 2. c4 e6 3. Nf3 d5 4. Nc3 Be7 5. Bf4 0-0 6. e3 Nbd7 7. c5 c6 8. Bd3 b6 9. b4 a5 10. a3 Ba6 11. 0-0 Qc8 12. h3 Qb7 13. Ne5 Bxd3 14. Qxd3 Ra7 15. Rab1 axb4 16. axb4 Nxe5 17. Bxe5 Rfa8 18. Qc2 Ra3 19. Rb2 Qa6 20. b5 Qa5 21. Nb1 Ra4 22. cxb6 Rc4 23. b7 Rxc2 24. bxa8Q+ Qxa8 25. Rxc2 cxb5 26. Rfc1 Qa6 27. Rc8+ Bf8 28. Rd8 h6 29. Kh2 Qa2 30. Bd6 Nh7 31. Bxf8 Nxf8 32. Rcc8 1/2-1/2

[Event "Bayern-ch 81st"]
[Site "Bad Koenigshofen"]
[Date "2010.08.27"]
[Round "7"]
[White "Rein, Iwan"]
[Black "Maugg, Ludwig"]
[Result "1-0"]
[WhiteElo "2071"]
[BlackElo "2002"]
[PlyCount "83"]
[EventDate "2010.08.22"]
[EventType "swiss"]
[EventRounds "9"]
[EventCountry "GER"]
[SourceTitle "EXT 2015"]
[Source "ChessBase"]
[SourceDate "2014.11.20"]
[SourceVersion "1"]
[SourceVersionDate "2014.11.20"]
[SourceQuality "1"]

1. d4 g6 2. c4 Bg7 3. Nc3 c5 4. d5 d6 5. e4 Nf6 6. f3 0-0 7. Be3 e6 8. Nge2 exd5 9. cxd5 a6 10. a4 Re8 11. Nc1 Nbd7 12. Be2 Rb8 13. 0-0 Qc7 14. Nb3 Ne5 15. h3 Ned7 16. Nd2 Nf8 17. a5 b5 18. axb6 Rxb6 19. Nc4 Rb4 20. Bf4 Rd8 21. Qd2 Ne8 22. Ra2 Nd7 23. Na5 Bb7 24. Nxb7 Qxb7 25. Bxa6 Qb6 26. Be2 Ne5 27. Rb1 Rb8 28. Qc1 Qb7 29. Nd1 Nc7 30. Bd2 Rb3 31. Qc2 Rb6 32. f4 Nd7 33. Bc3 Nb5 34. Bxg7 Kxg7 35. Bxb5 Rxb5 36. Ne3 Nf6 37. Nc4 Qe7 38. Nd2 Rb4 39. Ra4 Rxa4 40. Qxa4 Nxd5 41. Rf1 Rxb2 42. Qa1 1-0

[Event "Bayern-ch 81st"]
[Site "Bad Koenigshofen"]
[Date "2010.08.23"]
[Round "2"]
[White "Maugg, Ludwig"]
[Black "Heimrath, Reiner"]
[Result "0-1"]
[WhiteElo "2002"]
[BlackElo "2146"]
[PlyCount "48"]
[EventDate "2010.08.22"]
[EventType "swiss"]
[EventRounds "9"]
[EventCountry "GER"]
[SourceTitle "EXT 2015"]
[Source "ChessBase"]
[SourceDate "2014.11.20"]
[SourceVersion "1"]
[SourceVersionDate "2014.11.20"]
[SourceQuality "1"]

1. d4 Nf6 2. c4 d6 3. Nc3 Nbd7 4. Nf3 e5 5. Bg5 Be7 6. e3 0-0 7. Qc2 c6 8. Bd3 h6 9. Bh4 Re8 10. 0-0-0 Qa5 11. g4 Nxg4 12. Bxe7 Rxe7 13. Rhg1 Ngf6 14. Rg2 Ne8 15. Nh4 Ndf6 16. Kb1 b5 17. cxb5 cxb5 18. Nf5 Bxf5 19. Bxf5 Rc7 20. dxe5 dxe5 21. Qb3 b4 22. Nd5 Nxd5 23. Rxd5 Qa6 24. Rxe5 Qf1+ 0-1

[Event "Bayern-ch Seniors 22nd"]
[Site "Bergen"]
[Date "2010.06.20"]
[Round "9"]
[White "Schumacher, Gottfried"]
[Black "Maugg, Ludwig"]
[Result "1-0"]
[WhiteElo "2231"]
[BlackElo "2024"]
[PlyCount "95"]
[EventDate "2010.06.12"]
[EventType "swiss"]
[EventRounds "9"]
[EventCountry "GER"]
[SourceTitle "EXT 2011"]
[Source "ChessBase"]
[SourceDate "2010.11.26"]
[SourceVersion "1"]
[SourceVersionDate "2010.11.26"]
[SourceQuality "1"]

1. d4 Nf6 2. c4 c5 3. Nf3 cxd4 4. Nxd4 e5 5. Nc2 b5 6. Nc3 bxc4 7. e4 Bb7 8. Bxc4 Bc5 9. 0-0 d6 10. Bg5 Nbd7 11. b4 Bb6 12. Nb5 0-0 13. Nxd6 Qc7 14. Qd3 h6 15. Be3 Rad8 16. Nxb7 Qxb7 17. f3 Bxe3+ 18. Qxe3 Rc8 19. Bb3 Rc7 20. Rab1 Rfc8 21. Qf2 Qb6 22. Ne3 g6 23. Nd5 Nxd5 24. Bxd5 Qf6 25. f4 exf4 26. Qxf4 Qxf4 27. Rxf4 Ne5 28. h3 Re7 29. b5 Rc3 30. Rf2 Rec7 31. Rb3 Rxb3 32. Bxb3 Kf8 33. Rf6 Ke7 34. Ra6 Kd8 35. Bd5 Kc8 36. Kf2 Kb8 37. Ke3 Nc4+ 38. Kd4 Nb6 39. Bc6 Re7 40. g4 f6 41. Ra3 Rf7 42. Kc5 g5 43. Kd6 Nc4+ 44. Ke6 Nxa3 45. Kxf7 Kc7 46. Kxf6 a6 47. Kg6 axb5 48. Bd5 1-0

[Event "Bayern-ch Seniors 22nd"]
[Site "Bergen"]
[Date "2010.06.13"]
[Round "2"]
[White "Hansch, Klaus Michael"]
[Black "Maugg, Ludwig"]
[Result "1/2-1/2"]
[WhiteElo "1806"]
[BlackElo "2024"]
[PlyCount "38"]
[EventDate "2010.06.12"]
[EventType "swiss"]
[EventRounds "9"]
[EventCountry "GER"]
[SourceTitle "EXT 2011"]
[Source "ChessBase"]
[SourceDate "2010.11.26"]
[SourceVersion "1"]
[SourceVersionDate "2010.11.26"]
[SourceQuality "1"]

1. d4 Nf6 2. Nc3 d5 3. Bg5 Nbd7 4. Nf3 c6 5. e3 Qb6 6. Rb1 g6 7. Bd3 Bg7 8. 0-0 0-0 9. Ne2 Re8 10. c3 e5 11. dxe5 Nxe5 12. Nxe5 Rxe5 13. Bf4 Re8 14. h3 Ne4 15. Qc2 Nc5 16. Ng3 Nxd3 17. Qxd3 Be6 18. Qd2 Qc5 19. Ne2 Qe7 1/2-1/2

[Event "Regionalliga SW 0910"]
[Site "Bayern"]
[Date "2010.02.28"]
[Round "7.3"]
[White "Maugg, Ludwig"]
[Black "Kunze, Holger"]
[Result "1/2-1/2"]
[WhiteElo "1994"]
[BlackElo "2118"]
[PlyCount "57"]
[EventDate "2009.10.18"]
[EventType "team-tourn"]
[EventRounds "9"]
[EventCountry "GER"]
[SourceTitle "EXT 2011"]
[Source "ChessBase"]
[SourceDate "2010.11.26"]
[SourceVersion "1"]
[SourceVersionDate "2010.11.26"]
[SourceQuality "1"]
[WhiteTeam "Sonthofen"]
[BlackTeam "Bayern Muenchen III"]
[WhiteTeamCountry "GER"]
[BlackTeamCountry "GER"]

1. d4 d5 2. c4 Nc6 3. Nc3 dxc4 4. Nf3 Nf6 5. Bg5 h6 6. Bh4 Bg4 7. d5 Bxf3 8. exf3 Ne5 9. Bg3 Nd3+ 10. Bxd3 cxd3 11. Qxd3 a6 12. Rd1 g6 13. Qc4 Rc8 14. Qb3 Rb8 15. 0-0 Bg7 16. Qc4 Rc8 17. Qb4 0-0 18. Rfe1 Nh5 19. Qxe7 Qxe7 20. Rxe7 Nxg3 21. hxg3 Rfd8 22. Re3 f5 23. Ne2 Kf7 24. Nf4 Rd6 25. b3 Bf6 26. Red3 Be5 27. Ne6 b6 28. f4 Bf6 29. Nd4 1/2-1/2

[Event "Regionalliga SW 0910"]
[Site "Bayern"]
[Date "2010.01.24"]
[Round "5.3"]
[White "Fantino, Rene"]
[Black "Maugg, Ludwig"]
[Result "1-0"]
[WhiteElo "1984"]
[BlackElo "1994"]
[PlyCount "85"]
[EventDate "2009.10.18"]
[EventType "team-tourn"]
[EventRounds "9"]
[EventCountry "GER"]
[SourceTitle "EXT 2011"]
[Source "ChessBase"]
[SourceDate "2010.11.26"]
[SourceVersion "1"]
[SourceVersionDate "2010.11.26"]
[SourceQuality "1"]
[WhiteTeam "Muenchen Schwabing"]
[BlackTeam "Sonthofen"]
[WhiteTeamCountry "GER"]
[BlackTeamCountry "GER"]

1. c4 c5 2. Nc3 Nc6 3. g3 g6 4. Bg2 Bg7 5. Nf3 e5 6. 0-0 Nge7 7. d3 d6 8. Rb1 0-0 9. a3 a5 10. Nd5 h6 11. Bd2 Rb8 12. b4 axb4 13. axb4 Nxd5 14. cxd5 Nxb4 15. Bxb4 cxb4 16. Rxb4 Bd7 17. Nd2 b5 18. Ne4 Qb6 19. Qb3 Rfc8 20. Rb1 Qc7 21. h4 f5 22. Nd2 Qa7 23. Qb2 e4 24. d4 Ra8 25. e3 Qa5 26. Bf1 Rab8 27. Nc4 Qc7 28. Na3 g5 29. hxg5 hxg5 30. Bxb5 Bxb5 31. Nxb5 Qe7 32. Nxd6 Rxb4 33. Qxb4 Rf8 34. Qc5 Rf6 35. Rb8+ Kh7 36. Ne8 Rf7 37. d6 Qd7 38. Nxg7 Qa4 39. Rb1 Kxg7 40. Qe5+ Kg6 41. Qe6+ Rf6 42. Qg8+ Kh6 43. Kg2 1-0

[Event "Bayern-chB 80th"]
[Site "Immenstadt"]
[Date "2009.08.28"]
[Round "7"]
[White "Maugg, Ludwig"]
[Black "Klimpel, Siegfried"]
[Result "1/2-1/2"]
[WhiteElo "1982"]
[BlackElo "1668"]
[PlyCount "22"]
[EventDate "2009.08.22"]
[EventType "swiss"]
[EventRounds "9"]
[EventCountry "GER"]
[SourceTitle "EXT 2015"]
[Source "ChessBase"]
[SourceDate "2014.11.20"]
[SourceVersion "1"]
[SourceVersionDate "2014.11.20"]
[SourceQuality "1"]

1. d4 e6 2. c4 Nf6 3. Nf3 b6 4. g3 d5 5. Bg2 Bb4+ 6. Nbd2 0-0 7. 0-0 Bb7 8. a3 Bd6 9. Qc2 Nbd7 10. cxd5 exd5 11. b3 Rc8 1/2-1/2

[Event "Regionalliga SW 0809"]
[Site "Bayern"]
[Date "2009.03.15"]
[Round "8.7"]
[White "Lausmann, Mike"]
[Black "Maugg, Ludwig"]
[Result "0-1"]
[WhiteElo "1880"]
[BlackElo "1956"]
[PlyCount "80"]
[EventDate "2008.10.05"]
[EventType "team-tourn"]
[EventRounds "9"]
[EventCountry "GER"]
[SourceTitle "EXT 2020"]
[Source "ChessBase"]
[SourceDate "2019.10.17"]
[SourceVersion "1"]
[SourceVersionDate "2019.10.17"]
[SourceQuality "1"]
[WhiteTeam "Unterhaching"]
[BlackTeam "Sonthofen"]
[WhiteTeamCountry "GER"]
[BlackTeamCountry "GER"]

1. d4 Nf6 2. Nf3 g6 3. e3 Bg7 4. Bd3 d6 5. 0-0 Nbd7 6. c4 0-0 7. Nc3 e5 8. Qc2 Re8 9. Rd1 Qe7 10. Nd2 c6 11. Rb1 Nf8 12. dxe5 dxe5 13. b4 Be6 14. a3 Rad8 15. Bb2 Bg4 16. Be2 Bf5 17. e4 Bc8 18. Nb3 Ne6 19. c5 Nd4 20. Nxd4 exd4 21. Na2 Nxe4 22. Bd3 Ng5 23. Qa4 a6 24. Qc2 Ne6 25. Nc1 Nf4 26. Kf1 Bg4 27. f3 Nd5 28. Qe2 Ne3+ 29. Ke1 Nxg2+ 30. Kf2 Qh4+ 31. Kxg2 Rxe2+ 32. Bxe2 Bf5 33. Nd3 Re8 34. Bf1 Qh3+ 35. Kh1 Qxf3+ 36. Bg2 Qg4 37. Nf2 Qh4 38. Kg1 Be5 39. h3 Qg3 40. Rbc1 Bf4 0-1

[Event "Regionalliga SW 0809"]
[Site "Bayern"]
[Date "2008.10.26"]
[Round "2.7"]
[White "Maugg, Ludwig"]
[Black "Birnbaum, Karsten"]
[Result "1-0"]
[WhiteElo "1956"]
[BlackElo "1933"]
[PlyCount "83"]
[EventDate "2008.10.05"]
[EventType "team-tourn"]
[EventRounds "9"]
[EventCountry "GER"]
[SourceTitle "EXT 2020"]
[Source "ChessBase"]
[SourceDate "2019.10.17"]
[SourceVersion "1"]
[SourceVersionDate "2019.10.17"]
[SourceQuality "1"]
[WhiteTeam "Sonthofen"]
[BlackTeam "Klosterlechfeld"]
[WhiteTeamCountry "GER"]
[BlackTeamCountry "GER"]

1. d4 f5 2. e4 d6 3. exf5 Bxf5 4. Bd3 Qd7 5. Nf3 Nf6 6. 0-0 Nc6 7. Bxf5 Qxf5 8. c4 e5 9. d5 Ne7 10. Nc3 a6 11. Ng5 Rd8 12. f4 e4 13. Re1 h6 14. Ngxe4 Kd7 15. Qd4 Rg8 16. Ng3 Qg4 17. Qe3 g6 18. h3 Qh4 19. Qe6+ Ke8 20. Nf1 g5 21. Qxf6 Qxe1 22. Rb1 Rg6 23. Qd4 Bg7 24. Qd3 Bxc3 25. bxc3 gxf4 26. Bxf4 Qh4 27. Bg3 Qg5 28. Re1 Kf7 29. h4 Qg4 30. Re4 Qd7 31. h5 Rg7 32. Bh4 Kg8 33. Re6 Rf8 34. Bf6 Rxf6 35. Rxf6 Qg4 36. Qf3 Qxc4 37. Ne3 Qd3 38. Rxh6 Nf5 39. Re6 Nxe3 40. Rxe3 Qd2 41. Re8+ Kh7 42. Qf5+ 1-0